书目信息 |
| 题名: |
电阻器
|
|
| 作者: | ;天津大学无线电材料与元件教研室 编 | |
| 分册: | ||
| 出版信息: | 北京 技术标准出版社 1981 |
|
| 页数: | 426页 | |
| 开本: | 21cm | |
| 丛书名: | ||
| 单 册: | ||
| 中图分类: | TM54 | |
| 科图分类: | ||
| 主题词: | 电阻器 | |
| 电子资源: | ||
| ISBN: | ||
| 000 | 00725nam0 2200229 45 | |
| 001 | 0181003906 | |
| 005 | 20060814173647.01 | |
| 010 | @dCNY2.00 | |
| 091 | @a15169.3-166 | |
| 100 | @a19950615d1981 em y0chiy0121 ea | |
| 101 | 0 | @achi |
| 102 | @aCN@b110000 | |
| 105 | @ay z 000yy | |
| 200 | 10 | @a电阻器@Adian zu qi@f天津大学无线电材料与元件教研室编@Ftian jin da xue wu xian dian cai liao yu yuan jian jiao yan shi bian |
| 210 | @a北京@c技术标准出版社@d1981 | |
| 215 | @a426页@d21cm | |
| 606 | @a电阻器 | |
| 690 | @aTM54@v3 | |
| 711 | 02 | @a天津大学无线电材料与元件教研室@Atian jin da xue wu xian dian cai liao yu yuan jian jiao yan shi@4编 |
| 801 | 2 | @aCN@bNLC@c20060814 |
| 801 | 0 | @aCN@bTSSF |
| 905 | @a10447@dTM54@e14 | |
| 电阻器/天津大学无线电材料与元件教研室编.-北京:技术标准出版社,1981 |
| 426页;21cm |
| ISBN :CNY2.00 |
| ● |
| 相关链接 |
|
|
|
|
正题名:电阻器
索取号:TM54/14
 
预约/预借
| 序号 | 登录号 | 条形码 | 馆藏地/架位号 | 状态 | 备注 |
| 1 | 0056692 | 202190182 | 密集书库/ [索取号:TM54/14] | 在馆 | |
| 2 | 0056693 | 202190609 | 密集书库/ [索取号:TM54/14] | 在馆 | |
| 3 | 0056694 | 202189791 | 密集书库/ [索取号:TM54/14] | 在馆 |